RÜYALARIMIN KİTABI (Record no. 747733)

MARC details
000 -LEADER
sabit uzunluktaki kontrol alanı 00252nam a2200097Ia 4500
001 - KONTROL NUMARASI
kontrol alanı 747733
005 - EN SON İŞLEMİN TARİH VE ZAMANI
kontrol alanı 20250826164401.0
008 - SABİT-UZUNLUKTA VERİ ÖĞELERİ--GENEL BİLGİ
sabit uzunluktaki kontrol alanı 250824s9999 xx 000 0 und d
245 #0 - ESER / YAZAR
ESER ADI RÜYALARIMIN KİTABI
Yazar Adı NİL ESRA BAŞARAN
260 ## - YAYIN, DAĞITIM, VB.
YAYIN EVİ CARPEDİEM YAYINLARI
Holdings
Düşüm durumu Kayıp durumu Hasar Durumu Ödünç verilmez Ana kütüphane Geçerli Kütüphane Edinilen tarih Toplam ödünç verme sayısı Barkod Son görüntüleme tarihi Fiyatın geçerli olmaya başladığı tarih Koha materyal türü
        ŞEHİT ALİ DIĞRAK KÜTÜPHANESİ ŞEHİT ALİ DIĞRAK KÜTÜPHANESİ 24.08.2025   10243975 26.08.2025 26.08.2025 Books